| 000 | 00728nam a2200205Ia 4500 | ||
|---|---|---|---|
| 003 | GCL | ||
| 008 | 140319s9999 xx 000 0 ara d | ||
| 040 |
_aGCL / _cGCL |
||
| 082 | 0 | 4 |
_a668.54 _bج ص |
| 100 | 1 | _aجعفر طه الهاشمى | |
| 245 | 1 | 0 |
_aصناعة العطور والجواهر العطرية والمنكهات / _cجعفر طه الهاشمى |
| 250 | _aالاولى | ||
| 260 |
_aسوريا : _bدار الصفدى للطباعة والنشر ، _c1998 |
||
| 300 |
_a300 ص ؛ _c24 سم |
||
| 490 |
_aسلسلة الصناعات الكيميائية _v0 |
||
| 650 | 0 | 4 | _aالعطور |
| 650 | 0 | 4 | _aالعطور - صناعة وتجارة |
| 650 | 0 | 4 | _aالعطور التحضيرية |
| 942 |
_2ddc _cBK |
||
| 999 |
_c6470 _d6470 |
||